00357nam a22001217a 4500008004100000041000800041082001900049110002000068245004600088260006800134300001000202650002300212231120b |||||||| |||| 00| 0 eng d aeng 223a610.5bABR aAbraham, Mathew aHealth Action January to December 2019-20 aSecunderabadbThe Catholic Health Association of Indiac2019-20 a595P. aNursing Foundation